Sports Quiz

Random Sports or MLB Quiz

Red Sox Starting Rotations (1975-present) Quiz Stats

 Plays Quiz not verified by Sporcle

Challenge
Share
Tweet
Embed
Score 0/181 Timer 15:00
0 Plays Today
% Correct
Roger Clemens
97.5%
Roger Clemens
97.5%
Roger Clemens
97.5%
Roger Clemens
97.5%
Roger Clemens
97.5%
Roger Clemens
97.5%
Roger Clemens
97.5%
Roger Clemens
97.5%
Roger Clemens
97.5%
Roger Clemens
97.5%
Roger Clemens
97.5%
Roger Clemens
97.5%
Roger Clemens
97.5%
Pedro Martinez
97.5%
Pedro Martinez
97.5%
Pedro Martinez
97.5%
Pedro Martinez
97.5%
Pedro Martinez
97.5%
Pedro Martinez
97.5%
Pedro Martinez
97.5%
Ramon Martinez
97.3%
Tim Wakefield
93.1%
Tim Wakefield
93.1%
Tim Wakefield
93.1%
Tim Wakefield
93.1%
Tim Wakefield
93.1%
Tim Wakefield
93.1%
Tim Wakefield
93.1%
Tim Wakefield
93.1%
Tim Wakefield
93.1%
Tim Wakefield
93.1%
Tim Wakefield
93.1%
Tim Wakefield
93.1%
Tim Wakefield
93.1%
Tim Wakefield
93.1%
Tim Wakefield
93.1%
Tim Wakefield
93.1%
Curt Schilling
92.9%
Curt Schilling
92.9%
Curt Schilling
92.9%
Jon Lester
92.8%
Jon Lester
92.8%
Jon Lester
92.8%
Jon Lester
92.8%
Jon Lester
92.8%
Josh Beckett
92.1%
Josh Beckett
92.1%
Josh Beckett
92.1%
Josh Beckett
92.1%
Josh Beckett
92.1%
Josh Beckett
92.1%
Tim Wakefield
92%
Luis Tiant
90%
Luis Tiant
90%
Luis Tiant
90%
Luis Tiant
90%
Derek Lowe
87%
Derek Lowe
87%
Derek Lowe
87%
Bill Lee
83%
Bill Lee
83%
% Correct
Bill Lee
83%
Daisuke Matsuzaka
83%
Daisuke Matsuzaka
83%
Daisuke Matsuzaka
83%
Dennis Eckersley
82.3%
Dennis Eckersley
82.3%
Dennis Eckersley
82.3%
Dennis Eckersley
82.3%
Dennis Eckersley
82.3%
Dennis Eckersley
82.3%
Oil Can Boyd
82%
Oil Can Boyd
82%
Oil Can Boyd
82%
Oil Can Boyd
82%
Bruce Hurst
81.6%
Bruce Hurst
81.6%
Bruce Hurst
81.6%
Bruce Hurst
81.6%
Bruce Hurst
81.6%
Bruce Hurst
81.6%
Bruce Hurst
81.6%
Clay Buchholz
81.4%
Clay Buchholz
81.4%
Clay Buchholz
81.4%
John Lackey
78.4%
John Lackey
78.4%
Mike Torrez
75.5%
Mike Torrez
75.5%
Mike Torrez
75.5%
Mike Torrez
75.5%
Mike Torrez
75.5%
Bob Stanley
72.3%
Bob Stanley
72.3%
Bob Stanley
72.3%
David Wells
70%
Zane Smith
67.1%
Bronson Arroyo
62.6%
Bronson Arroyo
62.6%
Tom Seaver
61.7%
Mike Boddicker
61.4%
Mike Boddicker
61.4%
Bob Ojeda
60.9%
Bob Ojeda
60.9%
Bob Ojeda
60.9%
Al Nipper
60.1%
Al Nipper
60.1%
Al Nipper
60.1%
Al Nipper
60.1%
Bret Saberhagen
59.9%
Bret Saberhagen
59.9%
Rick Wise
59%
Rick Wise
59%
Rick Wise
59%
Fergie Jenkins
58.2%
Fergie Jenkins
58.2%
John Tudor
57.5%
John Tudor
57.5%
John Tudor
57.5%
Andrew Miller
56.5%
David Cone
55.9%
Aaron Sele
54.3%
% Correct
Aaron Sele
54.3%
Aaron Sele
54.3%
Aaron Sele
54.3%
Tom Gordon
54.2%
Tom Gordon
54.2%
Frank Viola
53.8%
Frank Viola
53.8%
Hideo Nomo
53.8%
Reggie Cleveland
52.9%
Reggie Cleveland
52.9%
Matt Clement
52.6%
Roger Moret
50.1%
John Burkett
49.4%
John Burkett
49.4%
Matt Young
49%
Mike Brown
47.9%
Danny Darwin
46.6%
Danny Darwin
46.6%
Danny Darwin
46.6%
Wade Miller
45.8%
Greg Harris
44.5%
Greg Harris
44.5%
Erik Hanson
43.1%
Frank Tanana
42.9%
Brad Penny
42.5%
Wes Gardner
39.9%
Wes Gardner
39.9%
Joe Hesketh
39.8%
Joe Hesketh
39.8%
Joe Hesketh
39.8%
Steve Avery
39.3%
Steve Avery
39.3%
Mike Smithson
37.9%
Mike Smithson
37.9%
Steve Renko
37.7%
Steve Renko
37.7%
John Dopson
37.4%
John Dopson
37.4%
John Dopson
37.4%
Brian Rose
37.2%
Frank Castillo
37.2%
Frank Castillo
37.2%
Jeff Suppan
37%
Jim Wright
35.6%
Tom Bolton
35.3%
Tom Bolton
35.3%
Pete Schourek
35%
Mark Portugal
34.9%
Chuck Rainey
34.8%
Chuck Rainey
34.8%
Dana Kiecker
34.5%
Julian Tavarez
32.2%
Jeff Sellers
32.1%
Mike Gardiner
32%
Mike Gardiner
32%
Dick Pole
31.8%
Jeff Fassero
31.6%
Pat Rapp
31.2%
Kevin Morton
30%

You're not logged in!

Compare scores with friends on all Sporcle quizzes.
OR
Log In

You Might Also Like...

Show Comments

Extras

Top Quizzes Today


Score Distribution

Your Account Isn't Verified!

In order to create a playlist on Sporcle, you need to verify the email address you used during registration. Go to your Sporcle Settings to finish the process.

Report this User

Report this user for behavior that violates our Community Guidelines.

Details: